| 000 | 00811nam a2200265 a 4500 | ||
|---|---|---|---|
| 005 | 20240911063922.0 | ||
| 008 | 190404s2010 mx r 000 0 spa d | ||
| 020 | _a9786070301384 | ||
| 035 | _aUPN01000230068 | ||
| 040 |
_aUPN _bspa _cUPN |
||
| 049 | _aCG | ||
| 050 | 4 |
_aN6465 M6.3 _bC6.3 |
|
| 100 | 1 |
_aCompagnon, Antoine, _d1950- _931006 |
|
| 245 | 1 | 4 |
_aLas cinco paradojas de la modernidad / _cpor Antoine Compagnon ; tr. de Ricardo Ancira. |
| 260 |
_aMéxico : _bSiglo XXI, _c2010. |
||
| 300 |
_a143 p. : _bil. |
||
| 440 | 0 | _aArte | |
| 534 |
_pTítulo original: _tLes cinq paradoxes de la modernité |
||
| 650 | 2 |
_aModernismo (Arte) _914936 |
|
| 650 | 4 |
_aARTE MODERNO - _ySIGLO XIX _97011 |
|
| 650 | 2 |
_aArte moderno _ySiglo XX _92587 |
|
| 905 | _aLibro | ||
| 942 |
_2lcc _cLIBRO |
||
| 999 |
_c202163 _d202163 |
||